|
|
|
|
| LEADER |
00865cam a2200241 7i4500 |
| 001 |
0000036278 |
| 005 |
20200205090000.0 |
| 007 |
##ta |
| 008 |
200205 |
| 020 |
# |
# |
|a 9789211064568
|
| 040 |
# |
# |
|a MATR
|
| 090 |
0 |
0 |
|a I 338.927
|b IND
|
| 245 |
0 |
0 |
|a Industrial Development Report 2020 :
|b Industrializing in the digital age.
|
| 264 |
# |
1 |
|a Vienna, Austria:
|b United Nations Industrial Development Organization,
|c 2019.
|
| 300 |
# |
# |
|a xix, 206 pages:
|b illustrations (some colour);
|c 30 cm.
|
| 336 |
# |
# |
|a text
|2 rdacontent
|
| 337 |
# |
# |
|a unmediated
|2 rdamedia
|
| 338 |
# |
# |
|a volume
|2 rdacarrier
|
| 504 |
# |
# |
|a Includes bibliographical references
|
| 650 |
# |
0 |
|a Sustainable development
|
| 650 |
# |
0 |
|a Industrialization --
|x Technological innovations
|
| 710 |
1 |
# |
|a United Nations Industrial Development Organization
|
| 999 |
|
|
|a 0000040958
|b Book
|c International
|e Business Information Centre
|